000 01555nam a2200313 i 4500
001 000019759
003 DO-SdBNP
005 20240223180702.0
007 ta
008 100705s2020 dr a r 000 f spa d
020 _a9789945883862
040 _aDO-SdBNP
_bspa
_cBNPHU
_erda
082 _a808
_bQ69
_222
245 1 0 _aQuimeras de mi adolescencia :
_bcuentos y poesías de mi inspiración /
_cTallerista Dania Martínez: prólogo, Nan Chavalier
264 _aPuerto Plata, República Dominicana :
_bRenovación ,
_c2020
300 _a45 paginas :
_bIlustraciones ;
_c22 cm.
336 _2rdacontent
_atexto
_btxt
337 _2rdamedia
_asin mediación
_bn
338 _2rdacarrier
_avolumen
_bnc
500 _aConcurso literario por nuestro país primero, ediciones renovación, 2020
505 _aPresentación.-- Prólogo.
_tPremio José Ramón López, cuento.-- El afinador de pianos.-- En el bosque.-- El espectador de almas.-- Memoria.-- Nace dos estaciones.-- Donde las hojas caen.-- Premio Salomé Ureña, poesía.-- Brillo dorado.-- Querido lobo.-- Quien observa.-- Gurrero de la patria.-- Orgullo dominicano.-- El amanecer.-- Oda del miedo: La irracionalidad de los invisible.-- Navidad.-- Veredicto.
586 _aPremio José Ramón López. / Cuento 16 a 18 años. Premio Salomé Ureña. / Poesía 16 a 18 años.
590 _aInventariado, 2023 / DG
650 4 _aLiteratura juvenil
_99038
700 1 _aChavalier, Nan
_d1965-
_eprólogo
_983856
700 1 _aMartínez, Diana,
_etallerista
_983840
910 _aDG
942 _2ddc
_cLF2
999 _c54249
_d54249